000 00732nas a2200265 4500
001 BR9103840
003 BR-BrBNA
005 20231205092140.0
007 ta
008 230509b bl.|||p| |||| 00| 00por d
040 _aBR-BrBNA
_bpor
_cBiblioteca Nacional de Agricultura
041 _a(Pt)
072 _aL73
100 1 _aRodrigues, S.
245 1 _aAnemia infecciosa: uma ameaca ao rebanho equino
650 _aEQUINO
650 _aANEMIA INFECCIOSA
650 _aSINTOMA
650 _aVIRUS
650 _aMANEJO
650 _aERRADICACAO
773 0 _tCasa da Agricultura (Brazil)
_xISSN 0100-6541
_g(Jan-Mar 1990), v. 12(1) p. 32-34
_wBR9103840
909 _a202311
_bLúcia
_c55
_dLúcia Elande
942 _2AGRIS
_n0
_cANA
999 _c129675
_d129675